Republika. Roč. 2, č. 1-75, 1994
| Format: | Book |
|---|---|
| Language: | Undetermined |
| Published: |
Bratislava
TASR
1994
|
MARC
| LEADER | 00000nam a2200000 a 4500 | ||
|---|---|---|---|
| 001 | vtls001352671 | ||
| 003 | SK-MaSNL | ||
| 005 | 20260223173334.0 | ||
| 008 | 990116s1994 xx 0 und | ||
| 035 | |a SNK000306057 | ||
| 040 | |a SNK |b slo |c SNK |e AACR2 | ||
| 245 | 1 | |a Republika. Roč. 2, č. 1-75, 1994 | |
| 260 | |a Bratislava |b TASR |c 1994 | ||
| 999 | |c 634202 |d 636132 | ||
| 952 | |t P60, <06>, [BOOK], {606} |a SNK |b SNK |y PREZ |7 0 |p 17A0176958 |o snkČSA 1249/2/1994/1* |0 0 |1 0 |4 0 |d 1999-01-16 |l 0 |r 2005-01-02 00:00:00 |w 2026-02-23 | ||


